| 000 | 01474cac a22003491u 4500 | ||
|---|---|---|---|
| 090 | _c6961 | ||
| 008 | 081030t2006 xxu||||| |||| 00| 0 eng d | ||
| 010 | _a2007272040 | ||
| 020 | _a052185315X (hardback) | ||
| 020 | _a0521618258 (pbk.) | ||
| 024 | 3 | _a9780521853156 | |
| 024 | 3 | _a9780521618250 | |
| 035 | _a(OCoLC)ocm71723725 | ||
| 082 | 0 | 0 |
_a121 _bBUR |
| 100 | _aBuroker, Jill Vance, | ||
| 245 | 1 | 0 |
_aKant's Critique of pure reason : _ban introduction / _cJill Vance Buroker. |
| 260 |
_aCambridge ; _aNew York : _bCambridge University Press, _cc.2006. |
||
| 300 |
_aix, 326 p. ; _c23 cm. |
||
| 440 | 0 | _aCambridge introductions to key philosophical texts | |
| 500 | _aDistributer: Al-Ahram. | ||
| 504 | _aIncludes bibliographical references (p. 310-316) and index. | ||
| 511 | _aCatalogued By: Mahitab. | ||
| 600 | 1 | 0 |
_aKant, Immanuel, _d1724-1804. _tKritik der reinen Vernunft. |
| 650 | 0 | _aKnowledge, Theory of. | |
| 650 | 0 | _aCausation. | |
| 650 | 0 | _aReason. | |
| 856 | 4 | 2 |
_3Publisher description _uhttp://www.loc.gov/catdir/enhancements/fy0708/2007272040-d.html |
| 856 | 4 | 2 |
_3Table of contents only _uhttp://www.loc.gov/catdir/enhancements/fy0708/2007272040-t.html |
| 856 | 4 | 2 |
_3Contributor biographical information _uhttp://www.loc.gov/catdir/enhancements/fy0733/2007272040-b.html |
| 942 |
_cBB _k121BUR _2ddc |
||
| 999 |
_c6961 _d6961 |
||